History - Cold war - Statistics

General Stats
  • This quiz has been taken 10 times
  • The average score is 2 of 18
Answer Stats
Hint Answer % Correct
What does MAD stand for? Mutually Assured Destruction
90%
Which specific country? Hungary
20%
What was a cause of the Second Berlin Crisis? Refugee crisis Nearly 4 million fled from East to West 1949-1961 This created an economic crisis Kennedy visited Berlin Khrushchev visited USA Khrushchev sent Kennedy an ultimatum The Berlin wall was built
10%
How was Poland made communist? Rigged electionsArrest leader of opposition
10%
What was agreed at the Yalta conference? Split Germany
10%
What was a cause of the Truman Doctrine? USSR will spread communism in Europe Losing Turkey Losing Greece
10%
What was an outcome of the Berlin Blockade? 4500 tones of supplies had been flown in by 12th of August Helped morale in west West Germany united NATO was created
0%
What was an event in the Truman Doctrine? Call for economic aid in Turkey/GreeceBeginning of cold war
0%
How was Czechoslovakia made communist? Coalition governmentarrested non-communists
0%
How was Romania made communist? Coalition governmentUSSR invaded
0%
What did stalin promise to do with eastern europe? Free and fair elections
0%
What were there disagreements about? How to split Germany
0%
What did Eastern European countries try to do when Stalin died in 1953? Leave Warsaw pact
0%
What was an outcome of the Truman Doctrine? Marshall planUS became committed to containment
0%
How was Bulgaria made communist? Rigged elections
0%
What was an event of the Berlin Blockade? Stalin blockaded Berlin Truman tried to fly in supplies (400 per day)
0%
What was a cause of the Berlin Blockade? Stalin wanted East BerlinAllies met without USSR Berlin was half destroyed in WW2
0%
How was Hungary made communist? Took control of policeBanned other parties
0%
No matching quizzes found
Score Distribution
Percent of People with Each Score
Percentile by Number Answered
Your Score History
You have not taken this quiz